| 000 | 01097nam a22003017a 4500 | ||
|---|---|---|---|
| 001 | 4879 | ||
| 003 | FISKH | ||
| 005 | 20241022143137.0 | ||
| 008 | 241022b cb ||||| |||| 00| 0 eng d | ||
| 020 | _a0439381096 | ||
| 040 |
_aFISKH _beng _cFISKH _dFISKH |
||
| 050 | _aPZ7.M478693 | ||
| 082 | _a813.54 | ||
| 100 | _aMcKissack , Patricia C. | ||
| 245 |
_aA Picture of Freedom: _bThe Diary of Clotee, a Slave Girl, Belmont Plantation, Virginia, 1859 / _cby Patricia C. McKissack |
||
| 250 | _aFirst Scholastic paperback printing, January 2002 | ||
| 260 |
_aNew York : _bScholastic ; _c1997 . |
||
| 300 |
_a192 pages : _billustrations, maps ; _c20 cm . |
||
| 490 | _aDear America | ||
| 505 | _aS | ||
| 520 | _aIn 1859 twelve-year-old Clotee, a house slave who must conceal the fact that she can read and write, records in her diary her experiences and her struggle to decide whether to escape to freedom. | ||
| 521 | 8 |
_a790
_bLexile |
|
| 521 | 8 |
_aS
_bRaz-Plus |
|
| 650 |
_ahistory _vfiction |
||
| 700 |
_aTim, O'Brien, _eartist |
||
| 942 |
_2ddc _cBK _n0 |
||
| 999 |
_c4879 _d4879 |
||